• 首页
  • 本馆介绍
  • 公告通知
  • 最新文献
  • 馆藏检索
  • 电子资源
  • 读者导购
  • 参考咨询
  • 我的图书馆
  • 登录
  • 详细信息显示
  • 放入我的书架
  • 预约/预借图书
  • 作者相关作品
  • 分类相关作品
  • 丛书相关作品
  • 出版社相关作品

书目信息

  • 表格格式
  • 工作单格式
  • 卡片格式
题名:
米丘林全集
    
 
作者:
分册:  
出版信息: 北京   农业出版社  1955.10
页数: 733页
开本: 20cm
丛书名:
单 册:
中图分类: Q3-01
科图分类:
主题词: 遗传学--理论 , 遗传学--方法论
电子资源:
ISBN:
000 00514nam0 2200205 450
001 0656559992
005 20060820154449.76
010    @dCNY3.35
091    @a16144.130
100    @a20060820d1955 km y0chiy0120 ea
101 0  @achi
200 1  @a米丘林全集@Ami qiu lin quan ji@e四卷集
210    @a北京@c农业出版社@d1955.10
215    @a733页@d20cm
517 1  @a四卷集@Asi juan ji
606 0  @a遗传学@x理论
606 0  @a遗传学@x方法论
690    @aQ3-01@v3
801  0 @aCN@bPFT@c20060820
905    @a10447@dQ3-01@e46
    
    米丘林全集:四卷集.-北京:农业出版社,1955.10
    733页;20cm
    
    
    ISBN :CNY3.35
    
●
相关链接 在E读中查询图书 在五车中查询图书 在当当中查询图书 在豆瓣中查询图书


正题名:米丘林全集     索取号:Q3-01/46         预约/预借

序号 登录号 条形码 馆藏地/架位号 状态 备注
1 0470460   204704604   密集书库/ [索取号:Q3-01/46] 在馆    
唐山师范学院图书馆 欢迎您!
大连网信软件有限公司© 版权所有